01055nam a2200265 a 450000100100000000500170001000800410002702000150006804000130008308200180009610000420011424501210015626000720027730000210034950000320037050000320040250000400043465000450047465000420051965000400056165000430060104900090064495201210065399900150077400000543320200929151658.0090819s1975 es 001 0 spa d a8400041038 aDO-SdBNP a808.06bD671c1 aDomínguez Caparrós, José91543410aContribución a la historia de las teorías métricas en los siglos XVIII y XIX /cJosé Domínguez Caparrós. aMadrid :bConsejo Superior de Investigaciones Científicas,c1975. a544 p. :b25 cm. aIncluye tabla de contenidos aIncluye datos biográficos aIncluye referencia bibliográficas 4aVersificaciónxArte de escribir915435 4aLengua españolaySIGLO XVIII915436 4aLengua españolaySIGLO XIX915437 4aLenguaje y lenguaxOrtografía915438 aBNPD 001054708MOaGRbGRcCTd2009-08-19iLF1l0o808.06 D671cp5433-10r2020-06-25w2020-06-25y4ZPréstamo en sala c5233d5233